Online
Catalog

Matemáticas discretas / (Record no. 2224)

MARC details
000 -CABECERA
campo de control de longitud fija 00886cam a2200253 a 4500
001 - NÚMERO DE CONTROL
campo de control 000002384
005 - FECHA Y HORA DE LA ÚLTIMA TRANSACCIÓN
campo de control 20250710141410.0
008 - DATOS DE LONGITUD FIJA--INFORMACIÓN GENERAL
campo de control de longitud fija 960521s1999 mx a b 001 0 spa
020 ## - NÚMERO INTERNACIONAL ESTÁNDAR DEL LIBRO
Número Internacional Estándar del Libro 9701702530
040 ## - FUENTE DE LA CATALOGACIÓN
Centro catalogador/agencia de origen DO-SdBNP
Lengua de catalogación spa
Centro/agencia transcriptor BNPHU
041 17 - CÓDIGO DE LENGUA
Código de lengua del texto/banda sonora o título independiente eng
Código de lengua original spa
Fuente del código Código de idioma MARC
082 ## - NÚMERO DE LA CLASIFICACIÓN DECIMAL DEWEY
Número de clasificación 511
Número de documento/Ítem J71m, 1999
100 1# - ENTRADA PRINCIPAL--NOMBRE DE PERSONA
Nombre de persona Johnsonbaugh, Richard,
Fechas asociadas al nombre 1941-
9 (RLIN) 7572
245 10 - MENCIÓN DE TÍTULO
Título Matemáticas discretas /
Mención de responsabilidad, etc. Richard Johnsonbaugh ; traducción de Oscar Alfredo Palmas Velasco.
250 ## - MENCIÓN DE EDICIÓN
Mención de edición 4a ed.
260 ## - PUBLICACIÓN, DISTRIBUCIÓN, ETC.
Lugar de publicación, distribución, etc. México :
Nombre del editor, distribuidor, etc. Prentice Hall,
Fecha de publicación, distribución, etc. 1999.
300 ## - DESCRIPCIÓN FÍSICA
Extensión xvi, 701 p. :
Otras características físicas il. ;
Dimensiones 26 cm.
534 ## - NOTA SOBRE LA VERSIÓN ORIGINAL
Encabezamiento principal del original Título original: Discrete mathematics
504 ## - NOTA DE BIBLIOGRAFÍA, ETC.
Nota de bibliografía, etc. Bibliografía: p. 615-620
650 #0 - PUNTO DE ACCESO ADICIONAL DE MATERIA--TÉRMINO DE MATERIA
Término de materia o nombre geográfico como elemento de entrada Matemáticas
9 (RLIN) 1258
650 #4 - PUNTO DE ACCESO ADICIONAL DE MATERIA--TÉRMINO DE MATERIA
Término de materia o nombre geográfico como elemento de entrada Matemáticas recreativas
Subdivisión general Procesamiento de datos
9 (RLIN) 7573
700 1# - PUNTO DE ACCESO ADICIONAL--NOMBRE DE PERSONA
Nombre de persona Palmas Velasco, oscar Alfredo,
Término indicativo de función/relación tr.
9 (RLIN) 98
910 ## - DATOS DE OPCIÓN DEL USUARIO (OCLC)
Datos de opción del usuario Catalogación por copia / LC
Holdings
Estado de retiro Estado de pérdida Restricciones de uso No para préstamo Código de colección Localización permanente Ubicación/localización actual Ubicación en estantería Fecha de adquisición Número de inventario Total de préstamos Signatura topográfica completa Código de barras Fecha visto por última vez Número de copia Precio válido a partir de Tipo de ítem Koha Fuente de adquisición
    Préstamo restringido Préstamo restrigido Monografías: Libros y Folletos General General En catalogación 08.10.2009 LF1   511 J71m, 1999 2384-20 25.06.2020 e.2 25.06.2020 Préstamo interno  
    Préstamo interno   Monografías: Libros y Folletos General General Depósito 06.07.2009 LF1   511 J71m, 1999 2384-10 25.06.2020   25.06.2020 Préstamo interno 002344

Powered by Koha